00632nam a2200181Ia 4500952013300000999001300133003000400146005001700150008004100167040000900208082001800217100003400235245007400269260004500343300000900388650001100397942004200408 00102ddc40708TEXT BOOKaMESbMEScARBd2019-02-20g40.00l0o492.79 VAD/Mp40327r2019-02-20 00:00:00w2019-02-20yBKzGR4R4 c984d984OSt20210903112422.0190216s9999||||xx |||||||||||||| ||und|| coclc a492.79bVAD/M aVadakkangara, Amanulla 91953 0aMajmoath Min Kasasul Kaseera Wal Musrihiyath /cAmanulla Vadakkangara bTirurangadi Book Stall,c2004.aCalicut: a230p aArabic cBK2ddch492.79iVAD/Mk492.79mVAD/M